Извлечение магнетитового концентрата и угольного недожога из золошлаковых отходов; Химия и химическая технология в XXI веке

書誌詳細
Parent link:Химия и химическая технология в XXI веке.— 2018.— [С. 454-455]
第一著者: Перминова И. А.
団体著者: Национальный исследовательский Томский политехнический университет Инженерная школа новых производственных технологий Научно-образовательный центр Н. М. Кижнера
その他の著者: Налесник И. О. Илья Олегович
要約:Заглавие с экрана
言語:ロシア語
出版事項: 2018
シリーズ:Охрана окружающей среды и рациональное использование природных ресурсов
主題:
オンライン・アクセス:http://earchive.tpu.ru/handle/11683/49894
フォーマット: 電子媒体 図書の章
KOHA link:https://koha.lib.tpu.ru/cgi-bin/koha/opac-detail.pl?biblionumber=627038

MARC

LEADER 00000naa2a2200000 4500
001 627038
005 20231101133436.0
035 |a (RuTPU)RU\TPU\conf\26720 
035 |a RU\TPU\conf\26718 
090 |a 627038 
100 |a 20180813d2018 k y0rusy50 ca 
101 0 |a rus 
102 |a RU 
105 |a y z 101zy 
135 |a drcn ---uucaa 
181 0 |a i  
182 0 |a b 
200 1 |a Извлечение магнетитового концентрата и угольного недожога из золошлаковых отходов  |f И. А. Перминова  |g науч. рук. И. О. Налесник 
203 |a Текст  |c электронный 
225 1 |a Охрана окружающей среды и рациональное использование природных ресурсов 
230 |a 1 компьютерный файл (pdf; 852 Kb) 
300 |a Заглавие с экрана 
320 |a [Библиогр.: с. 455 (2 назв.)] 
463 0 |0 (RuTPU)RU\TPU\conf\26227  |t Химия и химическая технология в XXI веке  |o материалы XIX Международной научно-практической конференции студентов и молодых ученых имени профессора Л. П. Кулёва, 21-24 мая 2018 г., г. Томск  |f Национальный исследовательский Томский политехнический университет  |v [С. 454-455]  |d 2018 
610 1 |a электронный ресурс 
610 1 |a труды учёных ТПУ 
610 1 |a магнетитовые концентраты 
610 1 |a золошлаковые отходы 
610 1 |a недожог 
610 1 |a магнетиты 
610 1 |a гидродинамические способы 
610 1 |a золы 
700 1 |a Перминова  |b И. А. 
702 1 |a Налесник  |b И. О.  |c химик-технолог  |c инженер Томского политехнического университета  |f 1971-  |g Илья Олегович  |2 stltpush  |3 (RuTPU)RU\TPU\pers\41398 
712 0 2 |a Национальный исследовательский Томский политехнический университет  |b Инженерная школа новых производственных технологий  |b Научно-образовательный центр Н. М. Кижнера  |h 7872  |2 stltpush  |3 (RuTPU)RU\TPU\col\23556 
801 2 |a RU  |b 63413507  |c 20180821  |g RCR 
856 4 |u http://earchive.tpu.ru/handle/11683/49894 
942 |c BK